000 00585nam a22001817a 4500
003 UA-OsUOA
001 19780
007 ta
008 20040925b un ||||| |||| 00| 0 ukr d
100 _aКохан В.
942 _cSA
040 _aUA-OsUOA
_cUA-OsUOA
_dUA-OsUOA
245 _aБез лісу не родить жито...
_b[Про Висоцький держлісгосп, що у Дубровиц. р-ні]
300 _aС.2
955 _a0
773 0 _w0
_tВісті Рівненщини
_dРівне
_d2004
_g№86/87/17 верес./
650 7 _aДержлісгоспи
_2UDC
999 _c305953
_d305953